000 00892nam0a22002531 4500
001 rc\2624126
005 20250623143147.0
035 _a(NLR Aleph) 006787732
090 _a6111311
_c6111311
100 _a20110914d1931 |||y0rusy50 ca
101 0 _arus
102 _aRU
105 _aa z |||||
200 1 _aТранспорт Халиловского комбината
_fА. В. Осоргин
210 _aМосква
_aСамара
_cГос. изд-во
_d[1931]
_eСамара
_gтип. № 1 Средволкрайполиграфтреста
215 _a30, [2] с., 1 с. "Оглавление" на обл.
_cсхем.
_d18х13 см.
300 _aБез тит. л. Описано по обложке
700 1 _aОсоргин
_bА.В.
801 0 _aRU
_bNLR
_gpsbo
801 1 _aRU
_bELAR
_2rusmarc
852 _aNLR
_j32-8/1992
942 _cBOOK
980 _aNB